Faculty of Law Library — Cairo University

Official Online Catalog

Polarized Law : (Record no. 51323)

MARC details
000 -LEADER
fixed length control field 01144nam a22003137i 4500
003 - CONTROL NUMBER IDENTIFIER
control field EG-GICUC
005 - DATE AND TIME OF LATEST TRANSACTION
control field 20260121101519.0
008 - FIXED-LENGTH DATA ELEMENTS--GENERAL INFORMATION
fixed length control field 251217s1914 uk o|||fr|||| 0|1 0 eng d
040 ## - CATALOGING SOURCE
Original cataloging agency EG-GiCUC
Language of cataloging eng
Transcribing agency EG-GiCUC
Modifying agency EG-GiCUC
Description conventions Rda
041 ## - LANGUAGE CODE
Language code of text/sound track or separate title eng
082 04 - DEWEY DECIMAL CLASSIFICATION NUMBER
Edition number 21
Classification number 341.84
Item number BA . P
092 04 - LOCALLY ASSIGNED DEWEY CALL NUMBER (OCLC)
Edition number 21
099 ## - LOCAL FREE-TEXT CALL NUMBER (OCLC)
Classification number Law1 12 341.84 BA . P 1914
100 1# - MAIN ENTRY--PERSONAL NAME
Personal name Baty, T.,
Relator term Author.
Dates associated with a name 1869-1954,
245 10 - TITLE STATEMENT
Title Polarized Law :
Remainder of title (With an English Translation of the Hague Conventions on Private International Law) : Three Lectures on Conflicts of Law, Delivered at the University of London /
Statement of responsibility, etc. by T. Baty.
264 #1 - PRODUCTION, PUBLICATION, DISTRIBUTION, MANUFACTURE, AND COPYRIGHT NOTICE
Place of production, publication, distribution, manufacture London :
Name of producer, publisher, distributor, manufacturer Stevens and Haynes,
Date of production, publication, distribution, manufacture, or copyright notice 1914.
300 ## - PHYSICAL DESCRIPTION
Extent xv, 210 pages ;
Dimensions 22 cm
336 ## - CONTENT TYPE
Source rda contenu
Content type term texte
337 ## - MEDIA TYPE
Source rda medias
Media type term Ordinateur
338 ## - CARRIER TYPE
Source transporteur rda
Carrier type term Ressource en ligne
504 ## - BIBLIOGRAPHY, ETC. NOTE
Bibliography, etc. note Includes bibliographical references and index
546 ## - LANGUAGE NOTE
Language note Text in English
650 14 - SUBJECT ADDED ENTRY--TOPICAL TERM
Source of heading or term Conflict of laws
General subdivision Private international law
650 14 - SUBJECT ADDED ENTRY--TOPICAL TERM
Source of heading or term Polarized law
651 1# - SUBJECT ADDED ENTRY--GEOGRAPHIC NAME
Source of heading or term qrmak
856 40 - ELECTRONIC LOCATION AND ACCESS
Uniform Resource Identifier <a href="https://fll.law.cu.edu.eg/fulltext/bks/B12-01641.pdf">https://fll.law.cu.edu.eg/fulltext/bks/B12-01641.pdf</a>
905 ## - Cataloger and Reviser Names
Cataloger Name: Rawan khaled
Revisor Name: Hassnaa
942 ## - ADDED ENTRY ELEMENTS (KOHA)
Source of classification or shelving scheme Dewey Decimal Classification
Koha item type Books
Edition 21
Suppress in OPAC No
Holdings
Withdrawn status Lost status Source of classification or shelving scheme Damaged status Not for loan Collection Home library Current library Date acquired Total checkouts Full call number Barcode Date last seen Copy number Price effective from Koha item type
    Dewey Decimal Classification   Not for loan القانون الدولي الخاص جــــامعة القــاهرة مكتبة كلية الحقوق - المبنى الرئيسي 17.12.2025   Law1 12 341.84 BA . P 1914 1201641 C1 B12-01641 17.12.2025 1 17.12.2025 Books
    Dewey Decimal Classification     القانون الدولي الخاص جــــامعة القــاهرة مكتبة كلية الحقوق - المبنى الرئيسي 17.12.2025   Law1 12 341.84 BA . P 1914 1201642 C2 B12-01642 17.12.2025 2 17.12.2025 Books
    Dewey Decimal Classification     القانون الدولي الخاص جــــامعة القــاهرة مكتبة كلية الحقوق - فـرع الشيخ زايد 20.12.2025   Law2 12 341.84 BA . P 1914 1201669 C3 B12-01669 20.12.2025 3 20.12.2025 Books

© All rights reserved — Faculty of Law, Cairo University